| 000 | 00341nam a2200133Ia 4500 | ||
|---|---|---|---|
| 008 | 230917s9999||||xx |||||||||||||| ||und|| | ||
| 040 |
_e90670 _aMAIN |
||
| 041 | _aEnglish | ||
| 082 | _a610 B227S | ||
| 100 | _aBansal, Pradeep | ||
| 245 | 0 | _aSerial study of serum lipoproteins in acute myocardial infraction | |
| 300 | _av. p. | ||
| 942 | _cTH | ||
| 999 |
_c48888 _d48888 |
||